[Event "ISR-chT 2018"]
[Site "Israel"]
[Date "2018.01.19"]
[Round "3"]
[White "Baron, Tal"]
[Black "Boruchovsky, Avital"]
[Result "1-0"]
[WhiteElo "2548"]
[BlackElo "2542"]
[Annotator "TA"]
[PlyCount "81"]
[EventDate "2018.??.??"]
[EventType "team-tourn"]
[EventCountry "ISR"]
[SourceTitle "playchess.com"]
[Source "ChessBase"]
[SourceQuality "1"]

{[%evp 13,81,0,0,0,0,0,0,0,0,0,0,0,0,-29,0,0,0,-10,-7,-14,26,16,75,57,82,83,147,137,153,150,168,158,139,143,136,144,207,168,236,129,130,133,204,223,210,164,248,258,292,239,223,176,173,72,197,179,210,151,226,210,525,516,501,218,652,653,12848,12411,29970,1218]} 1. d4 d5 2. c4 e6 3. Nc3 Be7 4. cxd5 exd5 5. Bf4 c6 6. e3 Bf5 7. g4 Be6 8. Bd3 {D31: Queen's Gambit Declined: Semi-Slav without ...Nf6 (+ Marshall Gambit and Noteboom) and Exchange Variation lines without ...Nf6} (8. h4 Bxh4 9. Qb3 g5 10. Be5 f6 11. Bh2 Bxg4 12. Qxb7 Qe7 13. Qxe7+ Nxe7 14. Be2 Bxe2 15. Kxe2 Nd7 16. Nf3 {0-1 (47) Giri,A (2785)-So,W (2815) chess.com INT 2017}) 8... Nd7 9. h3 h5 10. gxh5 {The position is equal.} Ngf6 {[#]} 11. h6 $1 {[%mdl 512]} g6 (11... gxh6 12. Nge2) 12. Qc2 Nh5 13. Nge2 Nf8 $146 ({Predecessor:} 13... Nxf4 14. Nxf4 Nf8 15. Nxe6 Nxe6 16. O-O-O Rxh6 {0-1 (62) Konstantinov,A (2262)-Sahil,T (2229) Nis 2017}) 14. Be5 $36 {[%mdl 2048] White fights for an advantage.} Rxh6 15. O-O-O Nd7 16. Bh2 Ng7 17. Bf4 g5 (17... Bg5 $1 $11 {remains equal.}) 18. Bg3 $16 Nf8 19. Kb1 Qd7 (19... Nh5 $142) 20. e4 $1 dxe4 21. Bxe4 {Strongly threatening d5.} Bf5 22. f3 $1 Rc8 23. Be5 f6 24. Bg3 Be6 (24... Rxh3 $16 25. Rxh3 (25. Bxf5 Nxf5 26. Rxh3 Ne3 $11) 25... Bxe4 26. fxe4 (26. Qxe4 Qxh3 27. d5 cxd5 $11) 26... Qxh3) 25. h4 $18 gxh4 {[#]} (25... Nf5 {is a better defense.}) 26. Rxh4 (26. Nf4 $1 $18) 26... Rxh4 $16 27. Bxh4 Nf5 (27... f5 $16) 28. Bf2 $18 Nd6 29. Nf4 Bf7 (29... Nxe4 {was worth a try.} 30. Nxe4 (30. fxe4 Bf7 $16) 30... Bf5) 30. Bd3 Kd8 31. Bg3 Ne6 32. Ng6 Nxd4 {[#]} 33. Qa4 (33. Qh2 $1 $18 {is more deadly.}) 33... N6f5 (33... c5 $16 {was called for.}) 34. Nxe7 Kxe7 35. Bf2 {Ka1 is the strong threat.} b5 (35... Be6 $16 {was necessary.} 36. Rh1 (36. Qxa7 c5 $16) 36... Bg8 37. Qxa7 c5) 36. Qa3+ Ke8 $2 (36... c5) 37. Ne4 Qe7 38. Bxd4 (38. Nc5 $142 Be6 39. Re1) 38... Nxd4 $2 (38... Qxa3 39. bxa3 Nxd4) 39. Nd6+ Kd7 40. Bf5+ Be6 41. Qxa7+ {Precision: White = 62%, Black = 28%.} (41. Rxd4 $142 c5 42. Nxc8+ Kxc8 43. Bxe6+ Qxe6 44. Qxc5+ Kb8 45. Qxb5+ Qb6 46. Rd8+ Kb7 47. Qd5+ Qc6 48. Rd7+ Kb6 49. Qd4+ Qc5 50. Rd6+ Kb5 51. a4+ Ka5 52. Qxc5+ Kxa4 53. Rd4+ Kb3 54. Qd5#) 1-0

[Event "ISR-chT 2018"]
[Site "Israel"]
[Date "2018.01.19"]
[Round "3"]
[White "Golod, Vitali"]
[Black "Cohen Revivo, Shoham"]
[Result "1-0"]
[WhiteElo "2539"]
[BlackElo "2180"]
[Annotator "TA"]
[PlyCount "139"]
[EventDate "2018.??.??"]
[EventType "team-tourn"]
[EventCountry "ISR"]
[SourceTitle "playchess.com"]
[Source "ChessBase"]
[SourceQuality "1"]

{[%evp 27,139,24,30,39,40,19,22,0,29,33,54,0,0,0,0,0,0,0,0,0,27,18,62,56,116,116,116,116,127,126,124,133,133,135,132,110,154,151,163,159,254,252,167,176,162,152,161,154,147,151,140,148,126,134,149,137,173,182,173,155,206,0,0,0,0,0,0,0,0,0,0,0,0,0,18,23,60,8,139,139,143,127,325,338,325,320,314,315,644,549,481,0,312,313,308,311,293,285,236,138,925,891,1122,1120,6079,5189,29967,1434,29981,29980,29982,29982,29982,29978]} 1. d4 Nf6 2. c4 c5 3. d5 b5 4. cxb5 a6 5. bxa6 g6 6. Nc3 Bxa6 7. e4 Bxf1 8. Kxf1 d6 9. Nf3 Bg7 10. g3 O-O 11. Kg2 Nbd7 12. Re1 Ra6 13. h3 Qa8 14. Re2 Rb8 {LiveBook: 13 Games} 15. Rb1 {A59: Benko/Volga Gambit: White castles by hand} (15. Qc2 Rb4 16. Bd2 e6 17. dxe6 fxe6 18. Rae1 Rb8 19. b3 Qb7 20. Qd3 Rf8 21. Kh2 Nh5 22. a4 c4 23. bxc4 {1-0 (46) Rychagov,A (2561)-Dubov,D (2600) Moscow 2012}) 15... Ne8 16. Qc2 Nc7 17. Bg5 $146 {The position is equal.} ({Predecessor:} 17. Bf4 Nb6 18. a3 Nc4 19. Qd3 Bxc3 20. Qxc4 Bg7 21. Qd3 Rab6 22. b4 cxb4 23. axb4 Rxb4 24. Rxb4 Rxb4 {½-½ (44) Kantorik,M (2252)-Macko,M (2168) Slovakia 2016}) 17... h6 18. Be3 Kh7 19. b3 (19. Qd3 $14) 19... Bxc3 $11 20. Qxc3 Rxa2 21. Rxa2 Qxa2 22. Ra1 $36 {[%mdl 2048] White is pushing.} Qe2 ({Much weaker is} 22... Qxb3 $6 23. Qxb3 Rxb3 24. Ra7 $18) 23. Qc1 Nf6 24. Ra7 Rc8 25. Nd2 Qd3 (25... g5 $14) 26. Qc4 $16 Qxc4 27. Nxc4 Kg7 28. Rb7 {Black must now prevent Nb6.} Nfe8 29. Bd2 f5 30. f3 fxe4 31. fxe4 h5 32. Bg5 Kf8 33. Nb6 Rd8 34. Kf3 $1 Kf7 35. Ke2 Kf8 36. Kd2 Kf7 37. Kc1 Kf8 38. Kb1 Kf7 39. Kc2 Kf8 40. Kb2 Kf7 41. Nc4 Kf8 42. Na5 Rd7 43. h4 Nf6 (43... Kf7 $16 {was worth a try.} 44. Nc4 Rd8) 44. Nc4 $2 (44. Bxf6 $1 $18 exf6 45. Nc4) 44... Nce8 $11 45. Rxd7 Nxd7 {[%mdl 4096] Endgame KBN-KNN} 46. Kc2 Nef6 47. Bxf6 Nxf6 {KN-KN} 48. Kd3 Kf7 49. e5 Nxd5 50. exd6 Nb4+ 51. Ke4 {aiming for d7.} exd6 52. Nxd6+ Ke6 (52... Kf6 $1 $11 {remains equal.}) 53. Nb7 $16 Na6 54. Kf4 Kf6 $2 (54... Kf7 $16 55. Ke5 Ke7) 55. Nd6 $1 $18 {[%cal Rd6e4]} Ke6 56. Nc4 Kf6 {[#]} 57. Nd2 $1 {[%cal Rd2e4]} Ke6 $2 (57... Kf7 58. Ke5 Ke7) 58. Kg5 Kf7 59. Kf4 $2 ({Better is} 59. Nf3 $18) 59... Kg7 $2 {[%mdl 8192]} (59... Ke6 $11 {and Black stays safe.}) 60. Ne4 Kf7 {[#]} 61. Ke5 $1 Ke7 62. Kd5 Kf7 63. Kc4 (63. Kc6 $18) 63... Nb8 $2 {[%mdl 8192]} (63... Nc7 $16 64. Kxc5 Ke6) 64. Nxc5 Nc6 65. b4 {[%cal Bb3b4,Bb4b5][%mdl 32]} Kf6 66. b5 Nd8 67. Kd5 Kf5 68. b6 {White mates.} Kg4 69. Kd6 ({Weaker is} 69. b7 Nxb7 70. Nxb7 Kxg3 $11) 69... Kxg3 70. Kd7 {Precision: White = 82%, Black = 37%.} 1-0

[Event "ISR-chT 2018"]
[Site "Israel"]
[Date "2018.01.19"]
[Round "3"]
[White "Greenfeld, Alon"]
[Black "Philosoph, Assi"]
[Result "1-0"]
[WhiteElo "2521"]
[BlackElo "2143"]
[Annotator "TA"]
[PlyCount "91"]
[EventDate "2018.??.??"]
[EventType "team-tourn"]
[EventCountry "ISR"]
[SourceTitle "playchess.com"]
[Source "ChessBase"]
[SourceQuality "1"]

{[%evp 9,91,23,31,12,63,74,80,47,66,69,34,37,52,27,39,22,30,31,28,27,65,58,54,64,64,68,63,58,121,124,204,151,191,191,198,204,263,254,355,355,344,352,350,351,352,352,341,338,370,311,308,300,426,354,491,459,594,218,218,218,218,218,218,218,218,211,529,381,517,516,722,715,936,940,1431,1353,5321,5089,29966,29971,29971,29971,29970,29969]} 1. d4 d6 2. Nf3 g6 3. g3 Bg7 4. Bg2 c5 5. c3 (5. O-O Qb6 6. a4 cxd4 7. a5 Qc5 8. Nbd2 Qc7 9. Nb3 a6 10. Nfxd4 Nf6 11. e4 O-O 12. h3 Nc6 {½-½ (25) Berkes,F (2658)-Jovanovic,Z (2531) Schwarzach 2017}) 5... Qb6 6. a4 $146 {[%cal Ba2a4,Ba4a5,Ba5a6][%mdl 32] A41: 1 d4 d6: Tartakower System and Modern Defence} ({Predecessor:} 6. O-O Nf6 7. Na3 O-O 8. Re1 cxd4 9. Qxd4 Qa5 10. Qh4 Nc6 11. h3 d5 12. c4 {½-½ (26) Manninen,M (2436)-Kiik,K (2445) Naantali 2000}) 6... Nc6 ({Better is} 6... Nf6 $11) 7. a5 $14 Qb5 8. O-O {White is better.} Nf6 9. e4 O-O 10. Re1 cxd4 11. Nxd4 Qh5 12. a6 Qxd1 13. Rxd1 {Threatens to win with axb7.} Nxd4 14. cxd4 {Strongly threatening e5.} e5 15. Na3 bxa6 16. Nc4 Ne8 17. Bg5 f6 18. Be3 Rb8 (18... Be6 $14 19. Rdc1 Bc8) 19. dxe5 $16 dxe5 (19... fxe5 $16 {was called for.} 20. Bxa7 Rb4) 20. Bc5 Be6 21. Bxf8 Bxf8 22. Rdc1 Bc5 {[#]} 23. Nxe5 $1 {[%mdl 512]} Bxf2+ (23... fxe5 24. Rxc5) 24. Kxf2 Rxb2+ 25. Kg1 fxe5 26. Rxa6 Rb6 27. Rxa7 Nd6 28. h4 Nf7 29. Bf1 Kg7 30. Rc2 h6 (30... Rb1 $142 31. Kg2 Rb6) 31. Kh2 g5 32. Bc4 Rc6 {[#]} 33. Bb3 $2 (33. Bxe6 $3 {[%mdl 512]} Rxe6 34. Rcc7) 33... Rxc2+ $18 34. Bxc2 {[%mdl 4096] Endgame KRB-KBN} Kf6 35. Ra6 {Bb3 is the strong threat.} Ke7 36. Ra5 Kf6 37. Kg2 Nd8 $2 (37... gxh4 38. gxh4 Bc4) 38. Ra6 Ke7 39. Rb6 Nf7 40. Bb3 Bxb3 41. Rxb3 {KR-KN} Nd6 42. hxg5 hxg5 43. Kf3 g4+ 44. Kxg4 {White mates.} Nxe4 45. Kf5 Nc5 46. Rb5 {Precision: White = 86%, Black = 33%.} 1-0

[Event "ISR-chT 2018"]
[Site "Israel"]
[Date "2018.01.19"]
[Round "3"]
[White "Steinberg, Nitzan"]
[Black "Zhizmer, Yuri"]
[Result "1-0"]
[WhiteElo "2512"]
[BlackElo "2314"]
[Annotator "TA"]
[PlyCount "94"]
[EventDate "2018.??.??"]
[EventType "team-tourn"]
[EventCountry "ISR"]
[SourceTitle "playchess.com"]
[Source "ChessBase"]
[SourceQuality "1"]

{[%evp 15,94,18,22,11,12,18,20,-2,0,-23,0,0,0,8,25,11,13,0,14,17,12,0,25,25,31,16,21,20,25,12,1,9,25,20,22,24,33,7,34,34,37,37,37,39,40,40,40,6,25,10,21,6,6,0,6,6,6,6,10,6,11,8,162,159,151,148,198,189,361,376,1675,1658,1610,1565,1604,1600,2355,2002,5181,5293,5181]} 1. e4 e5 2. Nf3 Nf6 3. Nxe5 d6 4. Nf3 Nxe4 5. Qe2 Qe7 6. d3 Nf6 7. Nc3 Qxe2+ 8. Bxe2 c6 {LiveBook: 20 Games. C42: Petroff Defence: 3 Nxe5 and unusual White 3rd moves} (8... Nc6 9. O-O a6 10. a3 Be7 11. h3 h6 12. Re1 Be6 13. Be3 O-O 14. Nd4 Nxd4 15. Bxd4 c5 16. Bxf6 Bxf6 {½-½ (54) Adhiban,B (2671)-Wei,Y (2740) Hoogeveen 2017}) 9. Ne4 Nbd7 10. Ng3 $146 ({Predecessor:} 10. Bf4 Nxe4 11. dxe4 Nf6 12. e5 Nd5 13. Bg3 dxe5 14. Nxe5 Bb4+ 15. Kd1 O-O 16. a3 {0-1 (62) Gerzhoy,L (2399)-Haessel,D (2149) Edmonton 2008}) 10... Ne5 {The position is equal.} 11. Nxe5 dxe5 12. Bg5 Be7 13. O-O-O h6 14. Bd2 Be6 15. Rhe1 Bc5 16. Bf3 Bxf2 17. Rxe5 Bd4 18. Re2 {Threatens to win with Nf5.} O-O 19. Rde1 Rfe8 20. Bf4 Rad8 21. a3 Nd5 22. Be5 Bxe5 23. Rxe5 Nf6 24. Kd2 g6 25. b4 a6 26. Ne4 (26. a4 {seems wilder.} Kg7 27. a5 Kf8 28. R5e2 Rd4 29. Ne4) 26... Nxe4+ 27. R5xe4 Rd6 28. Kc3 Red8 29. a4 R8d7 30. Re5 Kf8 31. Rc5 Bd5 32. Bxd5 Rxd5 33. Rxd5 Rxd5 $11 {[%mdl 4096] Endgame KR-KR} 34. a5 f5 35. d4 Kf7 36. Kd3 Rd6 37. c4 {[%cal Bc2c4,Bc4d5][%mdl 32]} Re6 38. Rb1 f4 $2 {[#]} (38... g5 $11 {and Black is okay.}) 39. d5 $18 cxd5 40. cxd5 Rd6 41. Ke4 Kf6 $2 (41... Rd7 {keeps fighting.} 42. b5 axb5) 42. b5 Kg5 $2 {[#]} (42... Ke7 43. bxa6 Rxa6 44. Rxb7+ Kf8) 43. Ke5 {White is clearly winning.} Rd8 44. d6 Re8+ 45. Kd5 Re2 46. Rd1 Kf6 47. bxa6 bxa6 {Precision: White = 64%, Black = 31%.} 1-0

[Event "ISR-chT 2018"]
[Site "Israel"]
[Date "2018.01.19"]
[Round "3"]
[White "Zoler, Dan"]
[Black "Gorodetzky, David"]
[Result "1/2-1/2"]
[WhiteElo "2506"]
[BlackElo "2411"]
[Annotator "TA"]
[PlyCount "52"]
[EventDate "2018.??.??"]
[EventType "team-tourn"]
[EventCountry "ISR"]
[SourceTitle "playchess.com"]
[Source "ChessBase"]
[SourceQuality "1"]

{[%evp 19,52,39,48,17,29,20,32,15,23,26,22,23,42,15,58,53,56,33,59,46,39,0,80,53,45,0,0,0,0,0,0,0,0,0,0]} 1. d4 Nf6 2. c4 e6 3. Nf3 d5 4. Nc3 dxc4 5. e4 b5 6. e5 {D24: Queen's Gambit Accepted: 3 Nf3 Nf6 4 Nc3} (6. Nxb5 Nxe4 7. Nc3 Nd6 8. Bxc4 Nxc4 9. Qa4+ Nd7 10. Qxc4 Bb7 11. Bg5 Be7 12. Bxe7 Qxe7 13. Qxc7 Bxf3 14. gxf3 {0-1 (47) Le,Q (2737)-Grischuk,A (2772) Huaian 2017}) 6... Nd5 7. Nxb5 Nb6 8. Be2 Be7 9. O-O O-O 10. Be3 Nc6 {[%cal Bb8c6,Bc6b4,Bb4d3][%mdl 32] LiveBook: 9 Games} 11. Rc1 Rb8 $146 ({Predecessor:} 11... Ba6 12. Nc3 Nb4 13. b3 cxb3 14. Bxa6 {½-½ (31) Sychev,K (2453)-Grandelius,N (2643) Tallinn 2016}) 12. Nc3 Ba6 13. Qd2 Nb4 14. Rfd1 Nd3 15. Rb1 Nd5 16. Nxd5 exd5 17. Bxd3 cxd3 18. Qc1 Qd7 19. Ne1 Qf5 $1 20. Qxc7 Rb7 (20... Bb4 $11 {remains equal.}) 21. Qc6 Rb6 22. Qxd5 {Strongly threatening Qf3.} Bb7 {The position is equal.} 23. Qa5 {[#] Threatens to win with d5.} Bb4 $36 {[%mdl 2048] Black has some pressure.} 24. Qxa7 Bxe1 25. Qxb6 Bxg2 $1 26. Kxg2 (26. Rxe1 {gets mated.} Bf3 27. Bf4 Qh3 28. Qg6 fxg6 29. Bg5 Qg2#) 26... Qg4+ {Precision: White = 53%, Black = 71%.} 1/2-1/2

[Event "ISR-chT 2018"]
[Site "Israel"]
[Date "2018.01.19"]
[Round "3"]
[White "Flom, Gabriel"]
[Black "Sutovsky, Emil"]
[Result "0-1"]
[WhiteElo "2493"]
[BlackElo "2673"]
[Annotator "TA"]
[PlyCount "93"]
[EventDate "2018.??.??"]
[EventType "team-tourn"]
[EventCountry "ISR"]
[SourceTitle "playchess.com"]
[Source "ChessBase"]
[SourceQuality "1"]

{[%evp 10,93,31,22,32,22,31,40,40,11,17,19,25,6,9,8,8,8,8,0,8,-13,-8,-10,-10,-10,-10,-11,-11,-11,-10,-11,-16,-12,-12,-12,0,-5,0,4,0,0,0,-23,-25,-34,-13,-22,-8,0,-8,-18,-8,-13,0,0,0,0,0,-127,-127,-135,-117,-107,11,-20,-22,-59,-50,-336,-341,-331,-310,-515,-511,-656,-386,-780,-778,-1149,-1087,-1264,-1206,-2317,-2197,-2028]} 1. d4 e6 2. c4 b6 3. e4 Bb4+ 4. Bd2 Bxd2+ 5. Qxd2 d5 6. Bd3 {LiveBook: 5 Games. C01: French: Exchange Variation} Ba6 $146 ({Predecessor:} 6... Nc6 7. Ne2 dxe4 8. Bxe4 Bb7 9. Nbc3 Nf6 10. Bf3 O-O 11. O-O {½-½ (52) Gelfand,B (2719)-Rapport,R (2692) Palma de Mallorca 2017}) 7. cxd5 {Bxa6 is the strong threat.} Bxd3 8. Qxd3 {Threatens to win with dxe6.White is slightly better.} exd5 9. Nc3 dxe4 10. Qxe4+ Qe7 11. O-O-O (11. Qe3 {with more complications.} Nf6 12. O-O-O Qxe3+ 13. fxe3 Ng4 14. Rd2) 11... Qxe4 12. Nxe4 Nd7 13. Nf3 O-O-O 14. Rhe1 Nh6 15. Neg5 Rhe8 16. Rxe8 ({Don't play} 16. Nxh7 f6 $17) 16... Rxe8 17. Re1 Rxe1+ 18. Nxe1 $11 {[%mdl 4096] Endgame KNN-KNN} Nf8 19. Kd2 f6 20. Ngf3 Kd7 21. Nc2 Ng4 22. Ke2 Ne6 23. g3 c5 24. h3 Nh6 25. Kd3 Nf5 26. b4 cxb4 27. Nxb4 a5 28. Nd5 Kc6 29. Ne3 Ne7 30. Nd2 Nc7 31. Ndc4 Kb5 32. Ke4 Nc8 33. g4 Kb4 {Strongly threatening ...b5.} 34. a3+ (34. Kd3 $1 $11) 34... Kb3 $17 35. d5 Nb5 36. Kd3 {[#]} g6 (36... Nbd6 $1 $17) 37. Nc2 Nbd6 38. Nd4+ Ka4 {And now ...Nxc4 would win.} 39. f4 $2 {[%mdl 8192]} (39. Nc2 $15) 39... Nxc4 $19 40. Kxc4 {[#] aiming for Nb5. KN-KN} Nd6+ 41. Kd3 $2 (41. Kc3 {was forced.} Kxa3 42. Nc2+ Ka4 43. Ne1) 41... Kxa3 42. h4 Kb4 43. f5 $2 (43. Nc6+ Kb5 44. Nd4+ Kc5 45. Ne6+ Kb4 46. g5 fxg5 47. hxg5) 43... gxf5 {Black is clearly winning.} 44. g5 fxg5 45. hxg5 a4 46. Ne6 Kb3 47. Kd4 {Precision: White = 41%, Black = 59%.} 0-1

[Event "ISR-chT 2018"]
[Site "Israel"]
[Date "2018.01.19"]
[Round "3"]
[White "Kobo, Ori"]
[Black "Mindlin, Alon"]
[Result "1-0"]
[WhiteElo "2477"]
[BlackElo "2459"]
[Annotator "TA"]
[PlyCount "75"]
[EventDate "2018.??.??"]
[EventType "team-tourn"]
[EventCountry "ISR"]
[SourceTitle "playchess.com"]
[Source "ChessBase"]
[SourceQuality "1"]

{[%evp 23,75,12,3,10,27,27,20,23,30,31,39,33,27,22,25,28,30,45,63,60,60,39,43,37,43,0,0,2,62,60,156,163,175,139,177,175,597,337,1141,1125,29997,913,886,879,859,865,971,966,963,963,1029,1020,29996,29997]} 1. Nf3 d5 2. g3 Nf6 3. Bg2 e6 4. c4 Be7 5. O-O O-O 6. d4 dxc4 7. Qc2 a6 8. a4 Bd7 9. Rd1 Bc6 10. Nc3 Bxf3 11. Bxf3 Nc6 12. Bxc6 bxc6 13. Bg5 {E05: Open Catalan: 5 Nf3 Be7} Nd5 (13... Rb8 14. e3 c5 15. dxc5 Qe8 16. Rd4 Nd7 17. Bxe7 Qxe7 18. c6 Ne5 19. Qe4 Qc5 20. Nd5 Nd3 21. Nxc7 Nxf2 22. Kxf2 Rxb2+ {0-1 (31) Xiong,J (2674)-So,W (2822) Saint Louis 2017}) 14. Bxe7 Qxe7 15. Ne4 {The position is equal.} Rfb8 16. Qxc4 Rxb2 {[#]} 17. Qxc6 $146 ({Predecessor:} 17. Rab1 Qb4 18. Qxc6 Rxb1 19. Qxa8+ Qb8 20. Qxb8+ Rxb8 {½-½ (40) Timoshenko,G (2560)-Asrian,K (2555) Ubeda 1998}) 17... Qe8 18. Qxe8+ Rxe8 19. e3 a5 20. Rdc1 Rb4 21. Nc5 Ra8 22. Nd3 Rb3 23. Ne5 f6 24. Nc6 Nc3 {[#] And now ...Ne2+ would win.} 25. Rc2 Ra6 (25... Kf8 $11) 26. Nd8 $14 Rab6 ({Black should try} 26... h5 $14) 27. Rac1 $16 Nxa4 28. Rxc7 {Threatens to win with Re7.} h5 {[#]} 29. Kg2 $1 Nb2 $2 (29... Rd6 {is tougher.}) 30. Re7 {Hoping for Rcc7.} Kf8 $2 (30... Rb8 31. Nxe6 R8b7) 31. Rcc7 $18 a4 32. Nxe6+ (32. Rxg7 $142 f5 33. Rcf7+ Ke8 34. Rg8#) 32... Rxe6 33. Rxe6 {KRR-KRN} Nd3 34. Ra6 {White threatens Ra8+ and mate.} Kg8 35. Raa7 Rb2 36. Rxg7+ Kh8 37. Rgc7 {[%cal Rc7c8]} Rxf2+ 38. Kg1 {Precision: White = 81%, Black = 29%.} 1-0

[Event "ISR-chT 2018"]
[Site "Israel"]
[Date "2018.01.19"]
[Round "3"]
[White "Psakhis, Lev"]
[Black "Zifroni, Dov"]
[Result "1/2-1/2"]
[WhiteElo "2475"]
[BlackElo "2440"]
[Annotator "TA"]
[PlyCount "39"]
[EventDate "2018.??.??"]
[EventType "team-tourn"]
[EventCountry "ISR"]
[SourceTitle "playchess.com"]
[Source "ChessBase"]
[SourceQuality "1"]

{[%evp 21,27,-23,7,-17,-4,-6,0,-8]} 1. d4 d5 2. c4 c6 3. Nf3 Nf6 4. Nc3 e6 5. e3 Nbd7 6. Qc2 Bd6 7. Bd2 O-O 8. Bd3 dxc4 9. Bxc4 c5 10. dxc5 Bxc5 11. O-O a6 12. Ne4 {The position is equal. D46: Semi-Slav: 5 e3 Nbd7 6 Bd3, Black avoids the Meran} Nxe4 13. Qxe4 Nf6 14. Qc2 {Predecessor:} Qc7 $146 15. Rac1 Bd6 16. Qb1 Qb8 17. Bc3 Ng4 18. h3 Nh2 19. Ng5 f5 20. Rfd1 {1-0 (20) Dumitrache,D (2495)-Berthelot,Y (2275) Sautron 2001} 1/2-1/2

[Event "ISR-chT 2018"]
[Site "Israel"]
[Date "2018.01.19"]
[Round "3"]
[White "Givon, Asaf"]
[Black "Zanan, Evgeny"]
[Result "1/2-1/2"]
[WhiteElo "2470"]
[BlackElo "2482"]
[Annotator "TA"]
[PlyCount "29"]
[EventDate "2018.??.??"]
[EventType "team-tourn"]
[EventCountry "ISR"]
[SourceTitle "playchess.com"]
[Source "ChessBase"]
[SourceQuality "1"]

{[%evp 13,29,17,23,12,44,39,49,36,37,23,23,39,32,29,39,32,55,0]} 1. e4 e5 2. Nf3 Nc6 3. Bc4 Bc5 4. O-O Nf6 5. d3 O-O 6. h3 d5 7. exd5 Nxd5 8. Re1 {C24: Bishop's Opening: 2...Nf6} (8. a4 f6 9. Nbd2 Be6 10. Nb3 Be7 11. Re1 Kh8 12. Bd2 Bg8 13. d4 exd4 14. Nbxd4 Nxd4 15. Nxd4 Qd7 {½-½ (66) Carlsen,M (2832)-Karjakin,S (2781) Paris 2017}) 8... Nb6 9. Bb3 a5 10. a3 h6 11. Nc3 a4 12. Ba2 $1 Re8 13. Ne4 Be7 14. Bd2 Nd5 15. Nc3 $146 ({White should play} 15. Bc4 $14) ({Predecessor:} 15. Ng3 Bf8 {1-0 (34) Raghunandan,K (2402)-Ashwath,R (2243) Roquetas de Mar 2018}) 1/2-1/2

[Event "ISR-chT 2018"]
[Site "Israel"]
[Date "2018.01.19"]
[Round "3"]
[White "Grinberg, Eyal"]
[Black "Berenboym, Igor"]
[Result "1-0"]
[WhiteElo "2448"]
[BlackElo "2125"]
[Annotator "TA"]
[PlyCount "85"]
[EventDate "2018.??.??"]
[EventType "team-tourn"]
[EventCountry "ISR"]
[SourceTitle "playchess.com"]
[Source "ChessBase"]
[SourceQuality "1"]

{[%evp 25,85,27,57,55,61,60,61,64,67,57,104,104,88,105,94,97,161,161,165,164,209,187,229,201,203,195,195,197,201,205,223,218,282,278,366,370,366,362,338,329,443,438,435,443,422,422,379,339,329,309,440,437,815,790,1064,1004,917,907,8551,6319,1829,1818]} 1. e4 e5 2. Nf3 Nc6 3. Bb5 a6 4. Ba4 Nf6 5. d3 b5 6. Bb3 Be7 7. O-O O-O 8. Re1 d6 9. c3 Bg4 10. Nbd2 {[%cal Bb1d2,Bd2f1,Bf1g3][%mdl 32]} Na5 11. Bc2 c5 12. Nf1 Re8 {C90: Closed Ruy Lopez with 7...d6: Early deviations} 13. h3 Bh5 {LiveBook: 3 Games} 14. Ng3 Bg6 {White is slightly better.} 15. Nh4 Nc6 (15... d5 16. Qf3 d4 17. cxd4 cxd4 18. Bd2 b4 19. Ba4 Rf8 20. Ngf5 Bc5 21. Rac1 {1-0 (32) Inarkiev,E (2602)-Nikolic,P (2596) Kusadasi 2006}) 16. Qf3 Qc7 17. Nhf5 Bf8 18. h4 $146 ({Find the theoretical novelty and annotate with similar games:} 18. Bg5 Nd7 19. Rad1 Nb6 20. Nh4 Nd8 21. Ngf5 Ne6 22. Be3 {1-0 (41) Kraft,H (2077)-Gensbauer,V (1793) Bad Woerishofen 1997}) 18... h5 19. Bg5 {[#] Bxf6 is the strong threat.} Ng4 20. Qe2 c4 (20... Ne7 $16 {was worth a try.}) 21. dxc4 $18 bxc4 22. Ba4 Rac8 23. Qxc4 Qa5 24. b3 ({Don't take} 24. Bxc6 $6 Qb6 $16) 24... Nd4 25. Qb4 Qxb4 26. cxb4 Nc2 27. Bxe8 Rxe8 28. f3 Nxa1 29. Rxa1 Nf6 30. Bxf6 gxf6 31. Ne3 Bh6 32. Nd5 Kg7 33. a4 Bf4 34. Nf5+ Bxf5 35. exf5 {[%mdl 4096] Endgame KRB-KRN} Bg3 36. Kf1 e4 37. f4 e3 (37... Rc8 $142 38. Ke2 Rc2+ 39. Ke3 Rxg2 40. Kxe4 Rb2) 38. Ke2 {White is clearly winning.} Re4 (38... Bxh4 $142 39. b5 axb5) 39. b5 axb5 40. a5 Rd4 41. Rd1 Rd2+ 42. Rxd2 exd2 43. Kxd2 {Precision: White = 87%, Black = 40%.} 1-0